| 000 | 02597cam a2200349 i 4500 | ||
|---|---|---|---|
| 001 | 22108612 | ||
| 005 | 20230715131408.0 | ||
| 006 | m |o d | | ||
| 007 | cr_||||||||||| | ||
| 008 | 210630t20222022nyu ob 001 0 eng | ||
| 010 | _a 2021030492 | ||
| 020 | _a9781003172925 | ||
| 020 | _z9781032001432 | ||
| 020 | _z9781032001418 | ||
| 040 |
_aDLC _beng _cDLC _erda _dDLC |
||
| 042 | _apcc | ||
| 050 | 0 | 0 | _aHN49.C6 2022 |
| 082 | 0 | 0 |
_a307.1/4 _223 |
| 100 | 1 |
_aSilverman, Robert Mark, _d1967- _eauthor. |
|
| 245 | 1 | 0 |
_aQualitative research methods for community development / _cRobert Mark Silverman and Kelly L. Patterson. |
| 250 | _aSecond edition. | ||
| 300 | _a1 online resource | ||
| 504 | _aIncludes bibliographical references and index. | ||
| 520 | _a"The second edition of Qualitative Research Methods for Community Development teaches the basic skills, tools, and methods of qualitative research with special attention to the needs of community practitioners. This book teaches students entering planning, community development, nonprofit management, social work, and similar applied fields the core skills necessary to conduct systematic research designed to empower communities and promote social change. Focusing on the basic elements of qualitative research, such as field observation, interviewing, focus groups, and content analysis, this second edition of Qualitative Research Methods for Community Development provides an overview of core methods and theoretical underpinnings of successful research. It also includes two new chapters on qualitative data analysis software and techniques for conducting online qualitative interviews and focus groups. From housing, community organizing, neighborhood planning, and urban revitalization, this book gives students the skills they need to undertake their own projects and provides professionals a valuable reference for their future research. Qualitative Research Methods for Community Development serves as a primary text for courses in applied qualitative research, and as a reference book for professionals and community-based researchers"-- | ||
| 650 | 0 | _aCommunity development. | |
| 650 | 0 | _aQualitative research. | |
| 700 | 1 |
_aPatterson, Kelly L., _eauthor. |
|
| 776 | 0 | 8 |
_iPrint version: _aSilverman, Robert Mark, 1967- _tQualitative research methods for community development _b2nd edition. _dNew York, NY : Routledge, 2022 _z9781032001432 _w(DLC) 2021030491 |
| 906 |
_a7 _bcbc _corignew _d1 _eecip _f20 _gy-gencatlg |
||
| 942 |
_2lcc _cBOOKS _hHN49.C6 2022 |
||
| 999 |
_c31661 _d31661 |
||